Quizzes
Events
Quiz Creation
Community
Videos
Private Events
Remove Ads
Sign In
Join for FREE
Feedback
Dark Mode
Quiz Categories
Sports
Geography
Music
Movies
Television
Just For Fun
Miscellaneous
History
Literature
Language
Science
Gaming
Entertainment
Religion
Holiday
For Kids
Quiz Lab
Recent
Popular Today
Quiz Kudos Today
Editor Picks
Curator Picks
Quizzes by...
Day
Popularity
Type
Ratings
Length
Year
Community
Subscriptions
Recent Discussions
Orange Saloon
Badges
Playlists
Quests
Create
Leaderboards
Showdown
Live 5
Trivia Bingo
Activity
Puzzle Library
Sporcle Events
Private Events
Virtual Trivia
Globe League
Become a Host
Pub Owners
SporcleCon
Opinionation
Our Games
Videos
Blog
Mobile Apps
Partnerships
Remove Ads and Go Orange
Feedback
Just For Fun
Clickable
Get the Picture
Humor
Quick Pick
Word Ladder
Missing Word
Mixed Word
Blitz
Minefield
This or That
Alphabet
Color
Typing
Sporcle
Puzzle
Word Play
Follow That Line
Logic
Just For Fun
Clickable
Get the Picture
Humor
Quick Pick
Word Ladder
Missing Word
Mixed Word
Blitz
Minefield
This or That
Alphabet
Color
Typing
Sporcle
Puzzle
Word Play
Follow That Line
Logic
Random Quiz
Search Sporcle
×
Quiz Lab
Quiz Lab
Just For Fun
Twitter
Type in answers that appear in a list
Type in answers that appear in a list
Classic
Best Score? Go Orange.
Harry Potter Twitter Stats
Can you name the characters who would tweet the following statements?
By
blackberry14
5m
20 Questions
762 Plays
762 Plays
762 Plays
Comments
Comments
Give Quiz Kudos
Give Quiz Kudos
-
- Ratings
hide this ad
Replay
Link that replays current quiz
Next Quiz
Link to next quiz in quiz playlist
You Got
0%
They Got
Avg Score
63%
Avg Friend Score
Upgrade to see
Score Distribution
Jump to the score distribution portion of the page
Score
0/20
Timer
05:00
0
Plays Today
Tweet
Character
% Correct
plz stp callin me scarhead. k thx.
Harry Potter
97.6%
THERE'S A NEW EDITION OF HOGWARTS: A HISTORY!!!!!!!!!!!
Hermione Granger
96.7%
i am ur godfather.
Sirius Black
95%
u kno who... AVADA KEDAVRA!
Voldemort
92.3%
uh oh... full moon...
Remus Lupin
90.8%
i wish cedric were here :'(
Cho Chang
89.1%
i'm holey :D
George Weasley
88.2%
bulgarian bon bon at your service ;)
Viktor Krum
78.7%
time 4 the headless hunt. guess i won't be going again /
:
Nearly-Headless Nick
78.3%
mimbulus mimbletonia = 2 cool!
Neville Longbottom
76.2%
Tweet
Character
% Correct
mi dad's a muggle, mum's a witch. any1 kno how to turn water to rum?
Seamus Finnigan
73.1%
picturez are the best!!!!
Colin Creevey
55.6%
perce is perfect, dontcha think??
Penelope Clearwater
49.3%
yule ball was so much fun w/
fleur!!
Roger Davies
40.2%
imma sneak (that's what my face says, anyways) :(
Marietta Edgecombe
39.5%
amortenia is the best!!! ;) don't tell harry tho(:
Romilda Vane
39.1%
giving away free ice cream!!!!
Florean Fortescue
29.7%
don't spill my beans; eat them!
Bertie Bott
25.2%
did u kno there r 700 fouls in quidditch? i did.
Rolanda Hooch
22.6%
i luv ancient runes. IMO, it = best subject to teach.
Bathsheda Babbling
16.8%
Quiz Playlist
Details
Report
Send in Message
Add To Playlist
Classic:
Type in answers that appear in a list
Last Updated: Feb 16, 2017
Quiz Scoreboard
CHALLENGE
Sign Up to Join the Scoreboard
Show All
Scores
Hide
Comments
May contain spoilers
Recently Published
NBA Finals Game Top Scorers (2010s)
by flibbidy
Sports
5m
Guess the 'R' Things in 3 Words
by MSUKent
Miscellaneous
3m
Actor to Badly Drawn Movie III
by MoMosMoProblems
Movies
5m
More to Explore
Quiz From the Vault
Featured Blog Post
Where Does Lost Luggage Go?
hide this ad
You Might Also Like...
Tags
Character
statement
Twitter
Today's Top Quizzes in Just For Fun
Browse Just For Fun
hide this ad
Today's Top Quizzes in Twitter
Browse Twitter
Top Contributed Quizzes in Just For Fun
1
CrossWordLadder XXIII
2
Erkennst du die Lieblingsgerichte der watsons?
3
Quick Pick: Famous Davids
4
Guess Who in 3 Images
5
Sporcle Events Newsletter Bonus Questions 3/18/24
6
CrossWordLadder XXIV
7
CrossWordLadder XLIII
8
CrossWordLadder XXV
9
Trees Logic Puzzle 616
10
Order the Mini Maze II
Explore More
Trending Topics
Anime
Marvel
Kpop
Harry Potter
Crossword
Disney
NBA
The Office
Soccer
Puzzle
Country
WWE
Song
NFL
Pokémon
hide this ad
More By:
blackberry14
Quiz
Plays
Rating
Category
Featured
Created
Harry Potter Emails
10,602
3.51
Literature
Jul 19, 2010
Don't Stop Believin' Lyrics
3,972
4.56
Music
Jun 19, 2011
Harry Potter Twitter
762
2.75
Just For Fun
Jun 20, 2011
'C' Bands
365
2.80
Music
Jul 19, 2010
'B' Bands
360
3.27
Music
Jul 18, 2010
Go to Creator's Profile
Score Distribution
Quiz Creator Spotlight
blackberry14
Follow
Send a Message
Quizzes Created
-
Created Quiz Play Count
-
More By This Creator
Popular Quizzes Today
1
Find the US States - No Outlines Minefield
2
Find the US States
3
The Countries of the World
4
10 Largest US States in Order
5
Find the Countries of Europe - No Outlines Minefield
6
US States
7
Guess the 'R' Things in 3 Words
8
NBA Finals Game Top Scorers (2010s)
More Just For Fun Quizzes
Word Ladder: Meta Sporcle II
Published
Trending Quizzes
First Name TV: Leading Men
Match the Book to the Film II
First Name TV: Leading Women Drama
Match the Book to the Film VI
Pick A Pair: Religious TV
Recently Updated
Women's Final Four Teams by Year
bhenderson79
Presidents Quartet II
eogle
Anything But Clue(do)
eogle
Anything But Oceanian Capitals
eogle
Anything But 7
eogle
Anything But Thing
eogle
Word Ladder: February 29
pecheneg
Song Title Questions
pecheneg
Women's NCAA Tournament #1 Seeds
pecheneg
Celebrity Mug Shots
pecheneg
Trending Topics
Harry Potter
Kpop
Disney
NBA
Anime
Marvel
Crossword
Country
NFL
Soccer
Puzzle
Pokémon
WWE
Song
The Office
Your Account Isn't Verified!
In order to create a playlist on Sporcle, you need to verify the email address you used during registration. Go to your
Sporcle Settings
to finish the process.
Report this User
Report this user for behavior that violates our
Community Guidelines
.
Details:
Send Report
Go to the Sporcle.com Mobile Site →
Comments